| 000 | 01744cam a22003974a 4500 | ||
|---|---|---|---|
| 999 |
_c10434 _d10434 |
||
| 001 | 13363828 | ||
| 003 | GBCCL | ||
| 005 | 20241126110732.0 | ||
| 008 | 031006s2004 wau c b 000 0beng | ||
| 010 | _a 2003022068 | ||
| 020 | _a1576583058 | ||
| 040 |
_aDLC _cDLC _dDLC |
||
| 042 |
_apcc _alcac |
||
| 043 | _af-ua--- | ||
| 050 | 0 | 0 |
_aBV3572.T7 _bB46 2004 |
| 082 | 0 | 0 |
_a266.0092 _aB _222 _bBEN |
| 100 | 1 |
_aBenge, Janet, _d1958- _917368 |
|
| 245 | 1 | 0 |
_aLillian Trasher : _bthe greatest wonder in Egypt / _cJanet & Geoff Benge. |
| 260 |
_aSeattle : _bYWAM Publishing, _cc2004. |
||
| 300 |
_a190 p. ; _c21 cm. |
||
| 440 | 0 |
_aChristian heroes, then & now _917374 |
|
| 504 | _aIncludes bibliographical references (p. 190). | ||
| 520 | _aA biography of the American missionary woman who founded an orphanage in Egypt in the early 1900s, when Egyptians were rebelling against their British overlords, where she trusted God to provide for the thousands of children in her care. | ||
| 600 | 1 | 0 |
_aTrasher, Lillian Hunt, _d1887-1961 _vJuvenile literature. _918138 |
| 600 | 1 | 1 |
_aTrasher, Lillian Hunt, _d1887-1961. _918139 |
| 650 | 0 |
_aWomen missionaries _zEgypt _zAsyūṭ _vBiography _vJuvenile literature. _918140 |
|
| 650 | 0 |
_aOrphanages _zEgypt _zAsyūṭ _vJuvenile literature. _918141 |
|
| 650 | 1 |
_aMissionaries. _93863 |
|
| 650 | 1 |
_aWomen _vBiography. _918142 |
|
| 650 | 1 |
_aOrphanages _zEgypt _zAsyūṭ. _918143 |
|
| 700 | 1 |
_aBenge, Geoff, _d1954- _917373 |
|
| 856 | 4 | 1 |
_3Table of contents _uhttp://www.loc.gov/catdir/toc/ecip0412/2003022068.html |
| 906 |
_a7 _bcbc _corignew _d1 _eecip _f20 _gy-gencatlg |
||
| 942 |
_2ddc _cBK |
||